Evaluation of Hevea brasiliensis clones against abnormal leaf fall disease caused by Phytophthora spp. (Record no. 51660)

MARC details
000 -LEADER
fixed length control field 00517nam a2200181Ia 4500
100 ## - MAIN ENTRY--AUTHOR NAME
Personal name Mushrif S.K.
245 #0 - TITLE STATEMENT
Title Evaluation of Hevea brasiliensis clones against abnormal leaf fall disease caused by Phytophthora spp.
260 ## - PUBLICATION, DISTRIBUTION, ETC. (IMPRINT)
Name of publisher Natural Rubber Research
Year of publication 2004
300 ## - PHYSICAL DESCRIPTION
Number of Pages 74-78
650 ## - SUBJECT ADDED ENTRY--TOPICAL TERM
Topical Term Abnormal leaf fall
650 ## - SUBJECT ADDED ENTRY--TOPICAL TERM
Topical Term Clone evaluation
650 ## - SUBJECT ADDED ENTRY--TOPICAL TERM
Topical Term Phytophthora
700 ## - ADDED ENTRY--PERSONAL NAME
Personal name Jacob C.K.
700 ## - ADDED ENTRY--PERSONAL NAME
Personal name John A.
700 ## - ADDED ENTRY--PERSONAL NAME
Personal name Joseph A.
942 ## - ADDED ENTRY ELEMENTS (KOHA)
Koha item type Bibliography STAF
Holdings
Withdrawn status Lost status Damaged status Not for loan Home library Current library Date acquired Serial Enumeration / chronology Koha item type
      Bibliography RRII Library RRII Library 09/04/2014 Volume 17, Issue 1 Bibliography STAF